Солнце бродяг: Роман; Лос-Анджелесский гамбит

Бібліографічні деталі
Автор: Паркин Г. Геннадий
Мова:Російська
Опубліковано: Минск, Met, 1996
Copublished:Д. Пендлтон. Лос-Анджелесский гамбит
Серія:Крутой сюжет
Cosa nostra
Предмети:
Формат: Книга
KOHA link:https://koha.lib.tpu.ru/cgi-bin/koha/opac-detail.pl?biblionumber=7900

MARC

LEADER 00000nam0a2200000 4500
001 7900
005 20231030181358.0
010 |a 9856021464 
035 |a (RuTPU)RU\TPU\book\7946 
035 |a BOOK00008005 
090 |a 7900 
100 |a 20011209d1996 m y0rusy50 ca 
101 1 |a rus  |c eng 
102 |a BY 
105 |a y z 000ay 
200 1 |a Солнце бродяг  |e Роман  |f Г. Паркин 
210 |a Минск  |c Met  |d 1996 
215 |a 396 с. 
225 1 |a Крутой сюжет 
225 1 |a Cosa nostra 
423 |t Лос-Анджелесский гамбит  |o пер. с англ.  |f Д. Пендлтон  |c Минск  |n Met  |d 1996  |a Пендлтон, Дон 
610 1 |a романы 
610 1 |a детективы 
675 |a 82  |v 3 
700 1 |a Паркин  |b Г.  |g Геннадий 
801 0 |a RU  |b 63413507  |c 20011209  |g PSBO 
801 2 |a RU  |b 63413507  |c 20071107  |g PSBO 
942 |c BK